Mukaddimah mastika hadis rasulullah s.a.w / (Record no. 800)

000 -LEADER
fixed length control field nam a22 a 4500
005 - DATE AND TIME OF LATEST TRANSACTION
control field 20170505121556.0
008 - FIXED-LENGTH DATA ELEMENTS--GENERAL INFORMATION
fixed length control field 170505b1987 my ||||| |||| 00| 0 ara d
020 ## - INTERNATIONAL STANDARD BOOK NUMBER
International Standard Book Number 9789830423319
040 ## - CATALOGING SOURCE
Original cataloging agency AKMAL
082 ## - DEWEY DECIMAL CLASSIFICATION NUMBER
Edition number 22
Classification number 297.124 MUS
090 ## - LOCALLY ASSIGNED LC-TYPE CALL NUMBER (OCLC); LOCAL CALL NUMBER (RLIN)
Classification number (OCLC) (R) ; Classification number, CALL (RLIN) (NR) 297.124
Local cutter number (OCLC) ; Book number/undivided call number, CALL (RLIN) MUS
100 ## - MAIN ENTRY--PERSONAL NAME
Personal name Haji Muhamad Noor bin Datuk Haji Ibrahim
9 (RLIN) 1746
245 ## - TITLE STATEMENT
Title Mukaddimah mastika hadis rasulullah s.a.w /
Statement of responsibility, etc. Sohib al-fadhilah Datuk Haji Muhamad Noor bin Haji Ibrahim
260 ## - PUBLICATION, DISTRIBUTION, ETC.
Place of publication, distribution, etc. Putrajaya
Name of publisher, distributor, etc. JAKIM
Date of publication, distribution, etc. 2007
300 ## - PHYSICAL DESCRIPTION
Extent 454 ms.
Dimensions 23cm
546 ## - LANGUAGE NOTE
Language note Teks dalam skrip Jawi
599 ## - LOCAL NOTE
Local Note DALAM PROSES
650 ## - SUBJECT ADDED ENTRY--TOPICAL TERM
Topical term or geographic name entry element Hadith
Form subdivision Texts
9 (RLIN) 1747
942 ## - ADDED ENTRY ELEMENTS (KOHA)
Source of classification or shelving scheme
Koha item type Book
Holdings
Withdrawn status Lost status Source of classification or shelving scheme Damaged status Not for loan Collection code Home library Current library Shelving location Date acquired Inventory number Total Checkouts Full call number Barcode Date last seen Price effective from Koha item type
          NON-FICTION AKMAL Melaka AKMAL Melaka PINJAMAN 05.05.2017 200061 (Jilid 1)   297.124 MUS 201701810 05.05.2017 05.05.2017 Book
          NON-FICTION AKMAL Melaka AKMAL Melaka PINJAMAN 05.05.2017 200069 (Jilid 2)   297.124 MUS 201701811 05.05.2017 05.05.2017 Book
Pusat Sumber Maklumat Dato' Haji Sarmin Md Hussin, Akademi Kastam Diraja Malaysia, Melaka
Tel: 06-2331106 | Faks: 06-2313787